000 00355nam a2200145Ia 4500
008 230711s9999||||xx |||||||||||||| ||und||
041 _aENG
082 _a4
_bKR-D
100 _aKrishna,Kant
245 0 _aDigital control system
250 _a1st Ed.
260 _c2001
_aNew Delhi
_bISTE Learing Material
650 _aElectrical Engineering
942 _cBK
999 _c4002
_d4002